| 000 | 00534nam a2200193Ia 4500 | ||
|---|---|---|---|
| 008 | 191130s2009##################000#0#eng## | ||
| 020 | _a9781591027843 | ||
| 022 | _a2009022254 | ||
| 040 |
_aACL _cACL |
||
| 082 | _a813.6 ENG | ||
| 100 | _aEnge, James | ||
| 245 |
_aThis crooked way _cJames Enge |
||
| 260 |
_aAmherst, NY _bPyr _c2009 |
||
| 300 | _a413 p. : ill., map ; 23 cm | ||
| 650 | _aAmbrosius, Morlock (Fictitious character) - Fiction | ||
| 990 | _aba7e7c85ac10000c2d6da62c48327d2e | ||
| 991 | _a351455 | ||
| 999 |
_c78345 _d78345 |
||